| 000 | 00432nam a22001817a 4500 | ||
|---|---|---|---|
| 003 | CEME | ||
| 005 | 20210628203937.0 | ||
| 008 | 210309b xxu||||| |||| 00| 0 eng d | ||
| 020 | _a0-03-047444-2 | ||
| 040 | _c. | ||
| 082 | _a621.381 YAR'O | ||
| 100 |
_aYariv, Ammon _967943 |
||
| 245 | _aOptical electronics | ||
| 260 |
_aTOKYO _bSQUNDERS _c1991 |
||
| 300 | _a713P | ||
| 650 |
_aOPTICAL ELECTRONICS _967944 |
||
| 942 |
_cBK _2ddc |
||
| 999 |
_c575625 _d575625 |
||